| 000 | 00865nam a2200205 a 4500 | ||
|---|---|---|---|
| 001 | 000041887 | ||
| 005 | 20201002035819.0 | ||
| 008 | 131021s1981 sp 001 0 spa d | ||
| 020 | _a8430037659 | ||
| 040 |
_aDO-SdBNP _bspa _cBNPHU |
||
| 245 | 0 | 0 |
_aTrento : _bUn Concilio para la unión : (1550-1552) / _cEdición crítica preparada y anotada por Constancio Gutiérrez. |
| 260 |
_aMadrid : _bInstituto Enrique Flórez : Consejo superior de Investigaciones Científicas, _c1981. |
||
| 300 |
_av. (XVIII, 624) p., ; _c26 cm. |
||
| 490 | 1 |
_aCorpus Tridentinum Hispanicum _v3 |
|
| 500 | _aIncluye índice | ||
| 504 | _aIncluye referencias bibliográficas y notas al pie de las páginas | ||
| 505 | 2 |
_aV. 2 _tFuentes :(1552-1553)(Cartas, despachos, nóminas etc.) |
|
| 700 | 1 |
_aGutiérrez, Constancio _eed. _968775 |
|
| 830 | 0 |
_aCorpus Tridentinum Hispanicum ; _v3 _968776 |
|
| 999 |
_c41376 _d41376 |
||